MCU Characters by Quote - Statistics

General Stats
  • This quiz has been taken 150 times
  • The average score is 7 of 10
Answer Stats
Quote Original Speaker % Correct
I could do this all day. Captain America
99%
I am ___ __. Iron Man
97%
I'm always angry. Hulk
90%
On you left. Falcon
88%
You will never be a god. Loki
74%
We're in the Endgame now. Doctor Strange
70%
You didn't see that coming? Quicksilver
68%
Everyone creates the thing they dread. Ultron
40%
There are no flags! Red Skull
15%
You lack conviction. Phil Coulson
10%
No matching quizzes found
Score Distribution
Percent of People with Each Score
Percentile by Number Answered
Your Score History
You have not taken this quiz